000 00669cam a2200205 a 4500
020 _a0520086295 (alk. paper)
040 _cDLC
082 0 0 _a338 UNI 1995 A064 Or.
100 1 _aHowell, David Luke.
245 1 0 _aCapitalism from within :
_beconomy, society, and the state in a Japanese fishery /
260 _aBerkeley :
_bUniversity of California Press,
_cc1995.
300 _axiv, 246 p. :
_bmaps ;
_c24 cm.
650 0 _aFish trade
650 0 _aFisheries
650 0 _aFishers
650 0 _aCapitalism
856 4 2 _uhttp://www.loc.gov/catdir/bios/ucal051/94011838.html
856 4 2 _uhttp://www.loc.gov/catdir/description/ucal041/94011838.html
942 _cEK
999 _c13929
_d13929